| 000 | 00975nam a22002777a 4500 | ||
|---|---|---|---|
| 999 |
_c20066 _d20066 |
||
| 005 | 20180104105754.0 | ||
| 008 | 180104b 2016C ||||| |||| 00| 0 spa d | ||
| 020 | _a9789584681379 | ||
| 040 |
_aCO-BoIAVH _cCO-BoIAVH |
||
| 041 | _aspa | ||
| 044 | _ack | ||
| 082 |
_a599.276 _bV85p |
||
| 100 | 1 |
_aVivas Serna, Carolina _eautora |
|
| 245 | 1 | 0 | _aPautas para el manejo de crías de Zarigüeya en estado de indefención |
| 260 |
_aBogotá: _bFundación Zarigüeya, _c2016. |
||
| 300 |
_a86. páginas _bfotografías blanco y negro _c20 x19cm |
||
| 650 | 1 | 4 |
_aZarigüeyas _xHistoria |
| 650 | 1 | 4 |
_aZarigüeyas _xConservación |
| 650 | 1 | 4 | _aZarigüeyas |
| 650 | 1 | 4 |
_aZarigüeyas _ximportancia social |
| 650 | 1 | 4 |
_aZarigüeyas _xEcología |
| 650 | 1 | 4 |
_aZarigüeyas _xDescripción |
| 700 |
_aFlórez Oliveros, Francisco Javier _eautor |
||
| 700 |
_aCastrillon Gallego, Juan Felipe _eautor |
||
| 942 |
_2ddc _cLIBRO |
||